000 004510000a22001810004500
003 MACL
005 20150812152104.0
008 150812b xxu||||| |||| 00| 0 eng d
040 _aMACL
_cMACL
041 _aEnglish
082 _a370/TAR
100 _aS, Nayana Tara
_95026
245 _aEducation In A Rural Environment
260 _bAshish Publishing House
_c1985
_aNew Delhi
350 _a100
650 _aEducation
_95027
942 _cBK
_k370
_2ddc
999 _c5862
_d5862